Statistics for Premier League Best Scorer By Year

Click here to take the quiz!

General Stats

  • This quiz has been taken 96 times
    (30 since last reset)
  • The average score is 46 of 141

Answer Stats

SeasonPlayerTeamGoals% Correct
2006-2007Didier Drogba Chelsea20
100%
2009-2010Didier Drogba Chelsea29
100%
2022-2023Erling Haaland Manchester City36
100%
2016-2017Harry Kane Tottenham29
100%
2020-2021Harry Kane Tottenham23
100%
2015-2016Harry Kane Tottenham25
100%
2019-2020Jamie Vardy Leicester City23
100%
2013-2014Luis Suárez Liverpool31
100%
2017-2018Mohamed Salah Liverpool32
100%
2018-2019Mohamed Salah Liverpool22
100%
2021-2022Mohamed Salah Liverpool23
100%
2007-2008Cristiano Ronaldo Manchester Utd31
97%
2018-2019Pierre-Emerick Aubameyang Arsenal22
97%
2012-2013Robin van Persie Manchester Utd26
97%
2011-2012Robin van Persie Arsenal30
97%
2018-2019Sadio Mané Liverpool22
97%
2014-2015Sergio Agüero Manchester City26
97%
2021-2022Son Heung-min Tottenham23
93%
2001-2002Thierry Henry Arsenal24
93%
2005-2006Thierry Henry Arsenal27
93%
2004-2005Thierry Henry Arsenal25
93%
2003-2004Thierry Henry Arsenal30
93%
2010-2011Dimitar Berbatov Manchester Utd20
86%
1995-1996Alan Shearer Blackburn Rovers31
83%
1996-1997Alan Shearer Newcastle Utd25
83%
1994-1995Alan Shearer Blackburn Rovers34
83%
2002-2003Ruud van Nistelrooy Manchester Utd25
83%
2008-2009Nicolas Anelka Chelsea19
72%
1993-1994Andy Cole Newcastle Utd34
69%
2010-2011Carlos Tévez Manchester City20
69%
1998-1999Michael Owen Liverpool18
69%
1997-1998Michael Owen Liverpool18
69%
1983-1984Ian Rush Liverpool32
66%
1998-1999Dwight Yorke Manchester Utd18
62%
1984-1985Gary Lineker Leicester City24
59%
1985-1986Gary Lineker Everton30
59%
1989-1990Gary Lineker Tottenham24
59%
1998-1999Jimmy Floyd Hasselbaink Leeds Utd18
59%
2000-2001Jimmy Floyd Hasselbaink Chelsea23
59%
1991-1992Ian Wright Crystal Palace / Arsenal29
55%
1967-1968George Best Manchester Utd28
52%
1992-1993Teddy Sheringham Nottingham Forest / Tottenham22
52%
1997-1998Chris Sutton Blackburn Rovers18
45%
1999-2000Kevin Phillips Sunderland30
45%
1997-1998Dion Dublin Coventry City18
41%
1962-1963Jimmy Greaves Tottenham37
41%
1968-1969Jimmy Greaves Tottenham27
41%
1964-1965Jimmy Greaves Tottenham29
41%
1963-1964Jimmy Greaves Tottenham35
41%
1958-1959Jimmy Greaves Chelsea33
41%
1960-1961Jimmy Greaves Chelsea41
41%
1981-1982Kevin Keegan Southampton26
34%
1927-1928Dixie Dean Everton60
31%
1931-1932Dixie Dean Everton44
31%
1990-1991Alan Smith Arsenal22
24%
1988-1989Alan Smith Arsenal23
24%
1957-1958Bobby Smith Tottenham36
24%
1920-1921Joe Smith Bolton38
24%
1986-1987Clive Allen Tottenham33
21%
1987-1988John Aldridge Liverpool26
21%
1984-1985Kerry Dixon Chelsea24
21%
1954-1955Ronnie Allen West Brom27
21%
1980-1981Steve Archibald Tottenham20
21%
1971-1972Francis Lee Manchester City33
17%
1969-1970Jeff Astle West Bromwich25
17%
1982-1983Luther Blissett Watford27
17%
1976-1977Malcolm Macdonald Arsenal25
17%
1974-1975Malcolm Macdonald Newcastle Utd21
17%
1976-1977Andy Gray Aston Villa25
14%
1973-1974Mick Channon Southampton21
14%
1955-1956Nat Lofthouse Bolton33
14%
1980-1981Peter Withe Aston Villa20
14%
1972-1973Pop Robson West Ham Utd28
14%
1950-1951Stan Mortensen Blackpool30
14%
1904-1905Arthur Brown Sheffield Utd22
10%
1977-1978Bob Latchford Everton30
10%
1978-1979Frank Worthington Bolton24
10%
1966-1967Ron Davies Southampton37
10%
1967-1968Ron Davies Southampton28
10%
1900-1901Steve Bloomer Derby County23
10%
1903-1904Steve Bloomer Derby County20
10%
1896-1897Steve Bloomer Derby County22
10%
1895-1896Steve Bloomer Derby County20
10%
1898-1899Steve Bloomer Derby County23
10%
1970-1971Tony Brown West Bromwich28
10%
1921-1922Andrew Wilson Middlesbrough31
7%
1959-1960Dennis Viollet Manchester Utd32
7%
1924-1925Frank Roberts Manchester City31
7%
1951-1952George Robledo Newcastle Utd33
7%
1956-1957John Charles Leeds Utd38
7%
1938-1939Tommy Lawton Everton35
7%
1937-1938Tommy Lawton Everton28
7%
1906-1907Alexander Young Everton30
3%
1964-1965Andy McEvoy Blackburn Rovers29
3%
1922-1923Charlie Buchan Sunderland30
3%
1928-1929Dave Halliday Sunderland43
3%
1961-1962Derek Kevan West Bromwich33
3%
1936-1937Freddie Steele Stoke City33
3%
1919-1920Fred Morris West Brom37
3%
1913-1914George Elliott Middlesbrough32
3%
1935-1936Ginger Richardson West Bromwich39
3%
1911-1912Harry Hampton Aston Villa25
3%
1933-1934Jack Bowers Derby County34
3%
1932-1933Jack Bowers Derby County35
3%
1909-1910Jack Parkinson Liverpool30
3%
1890-1891Jack Southworth Blackburn Rovers26
3%
1893-1894Jack Southworth Everton27
3%
1901-1902Jimmy Settle Everton18
3%
1891-1892John Campbell Sunderland32
3%
1894-1895John Campbell Sunderland22
3%
1892-1893John Campbell Sunderland31
3%
1888-1889John Goodall Preston North End21
3%
1895-1896John James Campbell Aston Villa20
3%
1979-1980Phil Boyer Southampton23
3%
1961-1962Ray Crawford Ipswich Town33
3%
1947-1948Ronnie Rooke Arsenal33
3%
1902-1903Sam Raybould Liverpool31
3%
1934-1935Ted Drake Arsenal42
3%
1975-1976Ted MacDougall Norwich City23
3%
1930-1931Tom Waring Aston Villa49
3%
1965-1966Willie Irvine Burnley29
3%
1948-1949Willie Moir Bolton25
3%
1910-1911Albert Shepherd Newcastle Utd25
0%
1905-1906Albert Shepherd Bolton26
0%
1908-1909Bert Freeman Everton38
0%
1914-1915Bobby Parker Everton35
0%
1952-1953Charlie Wayman Preston North End24
0%
1911-1912David McLean Sheffield Wednesday25
0%
1912-1913David McLean Sheffield Wednesday30
0%
1946-1947Dennis Westcott Wolverhampton37
0%
1949-1950Dickie Davis Sunderland25
0%
1907-1908Enoch West Nottingham Forest27
0%
1911-1912George Holley Sunderland25
0%
1897-1898George Wheldon Aston Villa21
0%
1953-1954Jimmy Glazzard Huddersfield Town29
0%
1889-1890Jimmy Ross Preston North End24
0%
1926-1927Jimmy Trotter Sheffield Wednesday37
0%
1925-1926Ted Harper Blackburn Rovers43
0%
1929-1930Vic Watson West Ham41
0%
1923-1924Wilf Chadwick Everton28
0%
1899-1900William Garraty Aston Villa27
0%

Score Distribution

Percentile by Number Answered

Percent of People with Each Score

Your Score History

You have not taken this quiz since the last reset